000 01332nam a22003737a 4500
001 16743904
003 OSt
005 20210419073230.0
008 010601s1939 nyu 000 1 eng d
010 _a 2011656555
035 _a(OCoLC)ocm47051848
035 _a(OCoLC)47051848
040 _aIHI
_cIHI
_dOCLCQ
_dOCLCG
_dSJL
_dDLC
_beng
041 _aeng
042 _alccopycat
050 0 0 _aCPB Box no. 50 vol. 12
080 _a821.111
_bB-96
100 1 _aBurroughs, Edgar Rice,
_d1875-1950.
245 1 0 _aTarzan the magnificent /
_cEdgar Rice Burroughs.
_b/ by: Edgar Rice Burroughs, Inc, Publishers
260 _aTarzana, California
_bAvon Books
_c1939
300 _a317 p.
_cill.
490 0 _aBallantine fiction
490 0 _aBB fiction
500 _a"Complete and unabridged"--Cover.
500 _a"First published in two parts: Part 1: Tarzan and the magic men, c1936 ; Part 2: Tarzan and the elephant men, [c1937].
600 0 0 _aTarzan
_c(Fictitious character)
_vFiction.
650 0 _9247
_aEnglish literature
653 _aინგლისური ლიტერატურა
655 7 _aAdventure fiction.
_2gsafd
700 _91253
_aBurroughs, Coleman, John
_eIllustrator
906 _a7
_bcbc
_ccopycat
_d2
_encip
_f20
_gy-genrareb
942 _2udc
_cBK
999 _c1941
_d1941